Southville International School and Colleges
Your cart is empty.
  • Cart
  • Lists
    Public lists Eva Luna New books Lux_list list_1
    Your lists Log in to create your own lists
  • Log in to your account
  • Your cookies
  • Search history
Southville International School and Colleges
  • Advanced search
  • Recent comments
  • Most popular
  • Libraries

Log in to your account

Log in with GOOGLE


If you do not have an external account, but do have a local account, you can still log in:

  1. Home
  2. MARC view: Tour and travel management
Normal view MARC view ISBD view

Tour and travel management (Record no. 366010)

[ view plain ]
MARC details
000 -LEADER
fixed length control field 00752nam a22002297a 4500
003 - CONTROL NUMBER IDENTIFIER
control field 0
005 - DATE AND TIME OF LATEST TRANSACTION
control field 20240604110549.0
008 - FIXED-LENGTH DATA ELEMENTS--GENERAL INFORMATION
fixed length control field 240604b xxu||||| |||| 00| 0 eng d
020 ## - INTERNATIONAL STANDARD BOOK NUMBER
International Standard Book Number 9786210403817
050 ## - LIBRARY OF CONGRESS CALL NUMBER
Classification number G 155
Item number .H47 2021
100 ## - MAIN ENTRY--PERSONAL NAME
Personal name Herrera, Maricel D.
245 ## - TITLE STATEMENT
Title Tour and travel management
Statement of responsibility, etc Maricel D. Herrera [and two others]
250 ## - EDITION STATEMENT
Edition statement 2021 edition
260 ## - PUBLICATION, DISTRIBUTION, ETC. (IMPRINT)
Place of publication, distribution, etc Manila
Name of publisher, distributor, etc Rex Book Store
Date of publication, distribution, etc 2021
300 ## - PHYSICAL DESCRIPTION
Extent xii, 241 pages :
Other physical details black and white illustrations ;
Dimensions 26cm.
504 ## - BIBLIOGRAPHY, ETC. NOTE
Bibliography, etc Includes bibliographical references and index.
651 ## - SUBJECT ADDED ENTRY--GEOGRAPHIC NAME
Geographic name Travel management--Philippines.
651 ## - SUBJECT ADDED ENTRY--GEOGRAPHIC NAME
Geographic name Tour management--Philippines.
700 ## - ADDED ENTRY--PERSONAL NAME
Personal name Ocampo, Ferdinand Dondi C.
700 ## - ADDED ENTRY--PERSONAL NAME
Personal name Tugade, Luzviminda O.
942 ## - ADDED ENTRY ELEMENTS (KOHA)
Source of classification or shelving scheme Library of Congress Classification
Koha item type Books
Holdings
Withdrawn status Lost status Source of classification or shelving scheme Damaged status Home library Current library Shelving location Date acquired Source of acquisition Sub Shelving location Total Checkouts Full call number Barcode Date last seen Price effective from Koha item type
    Library of Congress Classification   College Library College Library Filipiniana Section 06/04/2024 Library Fund     G 155 .H47 2021 C23355 06/04/2024 06/04/2024 Books
    Library of Congress Classification   College Library College Library Filipiniana Section 06/04/2024 Library Fund     G 155 .H47 2021 C23354 06/04/2024 06/04/2024 Books

Tour and travel management

APA

Herrera M. D., Ocampo F. D. C. & Tugade L. O. (2021). Tour and travel management. Manila: Rex Book Store.

Chicago

Herrera Maricel D, Ocampo Ferdinand Dondi C and Tugade Luzviminda O. 2021. Tour and travel management. Manila: Rex Book Store.

Harvard

Herrera M. D., Ocampo F. D. C. and Tugade L. O. (2021). Tour and travel management. Manila: Rex Book Store.

MLA

Herrera Maricel D, Ocampo Ferdinand Dondi C and Tugade Luzviminda O. Tour and travel management. Manila: Rex Book Store. 2021.

  • Place hold
  • Print
  • Cite
  • Add to your cart (remove)
  • Save record
    BIBTEX Dublin Core MARCXML MARC (non-Unicode/MARC-8) MARC (Unicode/UTF-8) MARC (Unicode/UTF-8, Standard) MODS (XML) RIS
  • More searches
    Search for this title in:
    Other Libraries (WorldCat) Other Databases (Google Scholar) Online Stores (Bookfinder.com) Open Library (openlibrary.org)

Exporting to Dublin Core...

SOUTHVILLE LIBRARY

Southville International School and Colleges Library

1281 Tropical Ave. Cor. Luxembourg St., BF Homes International, Las Pinas City

Tel. No. 8256374 / 252358 Loc. 117/146

Powered by Koha